Haiti 2026 FIFA World Cup Squad - Statistics

General Stats
  • This quiz has been taken 11 times
  • The average score is 2 of 27
Answer Stats
# Position Player % Correct
MF Jean-Ricner Bellegarde
56%
FW Wilson Isidor
56%
1 GK © Johny Placide
22%
FW Frantzdy Pierrot
11%
GK Josué Duverger
11%
DF Ricardo Adé
11%
GK Alexandre Pierre
0%
DF Carlens Arcus
0%
MF Carl Sainté
0%
MF Danley Jean Jacques
0%
FW Derrick Etienne Jr.
0%
MF Dominique Simon
0%
FW Duckens Nazon
0%
DF Duke Lacroix
0%
DF Hannes Delcroix
0%
DF Jean-Kévin Duverne
0%
FW Josué Casimir
0%
DF Keeto Thermoncy
0%
FW Lenny Joseph
0%
MF Leverton Pierre
0%
FW Louicius Deedson
0%
DF Martin Expérience
0%
FW Ruben Providence
0%
Manager Sébastien Migné
0%
DF Wilguens Paugain
0%
MF Woodensky Pierre
0%
FW Yassin Fortuné
0%
No matching quizzes found
Score Distribution
Percent of People with Each Score
Percentile by Number Answered
Your Score History
You have not taken this quiz